Semantics
Enregistré dans:
| Auteur principal: | |
|---|---|
| Format: | Livre |
| Langue: | English |
| Sujets: | |
| Tags: |
Ajouter un tag
Pas de tags, Soyez le premier à ajouter un tag!
|
| Thư viện lưu trữ: | Trung tâm Học liệu Lê Vũ Hùng, Trường Đại học Đồng Tháp |
|---|
| LEADER | 00664pam a22002178a 4500 | ||
|---|---|---|---|
| 001 | 00040989 | ||
| 005 | 20180309080354.0 | ||
| 008 | 110719s1997 ||||||engsd | ||
| 041 | 0 | # | |a eng |
| 082 | 1 | 4 | |a 415 |b S200M |
| 100 | 1 | # | |a Huỳnh, Thị Nhĩ |
| 245 | 1 | 0 | |a Semantics |c Huỳnh Thị Nhĩ |
| 300 | # | # | |a 56 p. |c 24 cm. |
| 500 | # | # | |a ĐTTS ghi: Pedagogical University of Dongthap. Foreign language department |
| 651 | # | # | |a Ngữ nghĩa học |
| 653 | # | # | |a Ngôn ngữ |
| 653 | # | # | |a Semantics |
| 653 | # | # | |a Tiếng Anh |
| 852 | # | # | |j KD.0023487 |
| 910 | |d 09/03/2018 | ||
| 980 | # | # | |a Trung tâm Học liệu Lê Vũ Hùng, Trường Đại học Đồng Tháp |